Normal view MARC view
  • Dover books on mathematics.

Entry Uniform Title

Number of records used in: 6

001 - CONTROL NUMBER

  • control field: 8878

003 - CONTROL NUMBER IDENTIFIER

  • control field: NUST

005 - DATE AND TIME OF LATEST TRANSACTION

  • control field: 20180118153830.0

008 - FIXED-LENGTH DATA ELEMENTS

  • fixed length control field: 180118|| aca||aabn | a|a d

040 ## - CATALOGING SOURCE

  • Original cataloging agency: NUST
  • Transcribing agency: NUST

130 ## - HEADING--UNIFORM TITLE

  • Uniform title: Dover books on mathematics.

670 ## - SOURCE DATA FOUND

  • Source citation: Work cat.: (NUST)28966: Bell, W. W. 8877, Special functions for scientists and engineers /, 1968.
© 2023 Central Library, National University of Sciences and Technology. All Rights Reserved.